000
00255nam a22001097a 4500
082
_a
294.7
100
_a
James Legge
_9
80433
245
_a
A Record of Buddhistic Kingdoms
260
_a
Delhi
_b
Pallavi Pub
_c
2019
650
_a
Buddism
_9
50756
942
_c
BK
999
_c
63795
_d
63795